XVIX (i.e. XIX) congress ... Helsinki , Finland, June 10-19 1990: commission 5 ... survey instruments and methods (Record no. 95207)
[ view plain ]
| 000 -LEADER | |
|---|---|
| fixed length control field | 00902cam a2200217 4500 |
| 008 - FIXED-LENGTH DATA ELEMENTS--GENERAL INFORMATION | |
| fixed length control field | 090401t1990 xxu||||| |||| 00| 0 eng d |
| 020 ## - INTERNATIONAL STANDARD BOOK NUMBER | |
| International Standard Book Number | 9519600388 |
| 035 ## - SYSTEM CONTROL NUMBER | |
| System control number | (Sirsi) u69546 |
| 041 ## - LANGUAGE CODE | |
| Language code of text/sound track or separate title | eng |
| 050 ## - LIBRARY OF CONGRESS CALL NUMBER | |
| Classification number | 526.9 |
| 110 ## - MAIN ENTRY--CORPORATE NAME | |
| Corporate name or jurisdiction name as entry element | Federation International Des Geometres |
| 245 ## - TITLE STATEMENT | |
| Title | XVIX (i.e. XIX) congress ... Helsinki , Finland, June 10-19 1990: commission 5 ... survey instruments and methods |
| 260 ## - PUBLICATION, DISTRIBUTION, ETC. | |
| Place of publication, distribution, etc. | Helsinki |
| Name of publisher, distributor, etc. | FIG |
| Date of publication, distribution, etc. | 1990 |
| 300 ## - PHYSICAL DESCRIPTION | |
| Extent | 646p. : ill. ; 21cm. |
| 350 ## - PRICE (NR) (BK AM CF MU VM SE) [OBSOLETE] | |
| Price | 0.45 |
| 520 ## - SUMMARY, ETC. | |
| Summary, etc. | Papers include:-GPS/ ASHKENAZI,V -GPS surveying in Ordnance Survey / BORDLEY,R ; BEST,B PAYNE,F -Practical integration of GPS classical geodetic control networks/ CROSS,P -National standards for EDM instrument calibration/ DODSON,A KENNIE,T - Levelling with GPS/ DODSON,A. |
| 650 ## - SUBJECT ADDED ENTRY--TOPICAL TERM | |
| Topical term or geographic name entry element | GLOBAL POSITIONING SYSTEMS |
| 650 ## - SUBJECT ADDED ENTRY--TOPICAL TERM | |
| Topical term or geographic name entry element | SURVEYING INSTRUMENTS |
| 942 ## - ADDED ENTRY ELEMENTS (KOHA) | |
| Suppress in OPAC | 0 |
| 948 ## - LOCAL PROCESSING INFORMATION (OCLC); SERIES PART DESIGNATOR (RLIN) | |
| c (OCLC) | 04/03/1997 |
| Withdrawn status | Lost status | Source of classification or shelving scheme | Damaged status | Not for loan | Home library | Current library | Shelving location | Date acquired | Cost, normal purchase price | Total Checkouts | Full call number | Barcode | Date last seen | Copy number | Cost, replacement price | Price effective from | Koha item type |
|---|---|---|---|---|---|---|---|---|---|---|---|---|---|---|---|---|---|
| Dewey Decimal Classification | London | London | Basement | 14/09/1999 | 0.45 | RESERVE SHELF 325 | 30016818 | 06/08/2019 | 1 | 0.45 | 06/08/2019 | Reference material |